| 000 | 01267nam a2200253Ia 4500 | ||
|---|---|---|---|
| 999 |
_c53254 _d53254 |
||
| 001 | 20295 | ||
| 003 | GE_BSU | ||
| 005 | 20200826221101.0 | ||
| 008 | 181216s2017||||ge |||||||||||||| ||geo|| | ||
| 020 | _a9789941949197 | ||
| 020 | _cინტერნეტ რესურსები : გვ. 369-370 | ||
| 040 | _cGE_BSU | ||
| 041 | _ageo | ||
| 080 | _a347.4 ჯ-71 | ||
| 100 |
_aჯორბენაძე, სერგი _99343 |
||
| 245 |
_aხელშეკრულების თავისუფლება სამოქალაქო სამართალში / _cსერგი ჯორბენაძე ; რედ. ბესარიონ ზოიძე. |
||
| 264 |
_aთბილისი : _bდ. ბატონიშვილის სამართლის ინ-ტის გამ ბა, _c2017. |
||
| 300 |
_a370 გვ. ; _c25 სმ. |
||
| 504 | _aბიბლიოგრაფია : გვ. 316-369 | ||
| 653 | _aსამართალი | ||
| 653 | _aხელშეკრულების თავისუფლება სამოქალაქო სამართალში | ||
| 700 |
_aზოიძე, ბესარიონ _eრედაქტორი _99344 |
||
| 942 |
_cBK _2udc |
||